One Piece- Quel est sa prime ? - Statistiques

Statistiques générales
  • Ce quiz a été pris 1 577 fois
  • Le résultat moyen est 14 sur 40
Statistiques - réponses
Hint Réponse % Correct
Luffy 3.000.000.000
90%
Chopper 1000
79%
Zoro 1.111.000.000
64%
Usopp 500.000.000
59%
Shanks 4.048.900.000
58%
Sanji 1.032.000.000
53%
Mihawk 3.590.000.000
46%
Jinbe 1.100.000.000
44%
Nami 366.000.000
44%
Katakuri 1.057.000.000
43%
Ace 550.000.000
42%
Baggy 3.189.000.000
40%
Arlong 20.000.000
39%
Robin 930.000.000
38%
Crocodile 1.965.000.000
37%
Brook 383.000.000
36%
Queen 1.320.000.000
35%
Loki 2.600.000.000
35%
Jango 9.000.000
34%
Franky 394.000.000
32%
Sabo 602.000.000
32%
Smoothie 932.000.000
32%
Perospero 700.000.000
31%
Kuro 16.000.000
28%
Boa Hancock 1.659.000.000
28%
Dorry et Broggy 1.800.000.000
28%
Cesar Clown 300.000.000
26%
King 1.390.000.000
25%
Don Krieg 17.000.000
25%
Foxy 24.000.000
25%
Marco 1.374.000.000
23%
Bentham alias Mr 2 Bonclay 32.000.000
23%
Bartolomeo 200.000.000
22%
Doflamingo 340.000.000
22%
Daz Bonez alias Mr1 75.000.000
22%
Cavendish 330.000.000
19%
Bellamy 195.000.000
15%
Black Maria 480.000.000
15%
Who's who 546.000.000
15%
Capone Bege 350.000.000
10%
Aucun quiz correspondant
Distribution des résultats
% des personnes avec chaque résultat
Percentile par nombre de réponses
Votre historique - résultats
Vous n’avez pas pris ce quiz